000 00628nam a2200241Ia 4500
003 OSt
005 20221005051307.0
006 a|||||r|||| 00| 0
007 ta
008 221004b |||||||| |||| 00| 0 eng d
024 _a41440
037 _cTextual
040 _aCRL
_cCRL
_beng
041 _2eng
_aeng
082 _aO111,3L71:g, M0
100 _aReed James
245 0 _aWalter Scott
_b Landscap and locality
260 _aLondon
_bAthlone UK
_c1980
300 _a188p.
_ccm.
650 _aENGLISH LITERATURE
942 _hO111,3L71:g, M0
_cTEXL
_2cc
999 _c958592
_d958592